[Event "21st ch-EUR Indiv w 2021"]
[Site "Iasi ROU"]
[Date "2021.08.11"]
[Round "3.13"]
[White "Badelka, Olga"]
[Black "Havanecz, Bianka"]
[Result "1/2-1/2"]
[WhiteTitle "IM"]
[BlackTitle "WIM"]
[WhiteElo "2418"]
[BlackElo "2257"]
[WhiteFideId "13509926"]
[BlackFideId "704814"]
[EventDate "2021.08.09"]

1. d4 d5 2. c4 e6 3. Nf3 Nf6 4. g3 Bb4+ 5. Nbd2 O-O 6. Bg2 b6 7. O-O Bb7 8. Qc2
Nbd7 9. b3 Rc8 10. Bb2 c5 11. a3 Bxd2 12. Qxd2 dxc4 13. bxc4 cxd4 14. Qxd4 Nc5
15. Qf4 Qe7 16. g4 Rfd8 17. Rad1 Ne8 18. g5 Na4 19. Be5 Rxd1 20. Rxd1 Rd8 21.
Rxd8 Qxd8 22. h4 Nc5 23. Kh2 Qe7 24. Qe3 Nd6 25. Qf4 Ne8 26. Qd4 f6 27. gxf6
gxf6 28. Bg3 e5 29. Qd1 Nd6 30. h5 Nxc4 31. Nh4 Bxg2 32. Kxg2 Nd6 33. Qd5+ Kf8
34. f3 Ne6 35. h6 Kf7 36. Qa8 Nf8 37. Qb8 Ke6 38. Be1 f5 39. Bb4 f4 40. Kf1 a5
41. Nf5 Kxf5 42. Bxd6 Nd7 43. Qc7 Qf7 44. a4 Kf6 45. Ba3 Qe6 46. Qc2 Qf5 47.
Qc6+ Kf7 48. Qd6 Qe6 49. Qd3 Nf6 50. Qd8 Kg6 51. Bf8 Nd5 52. Ke1 e4 53. fxe4
Qxe4 54. Qd6+ Kf7 55. Kf2 Qe3+ 56. Kf1 Nc3 57. Qd7+ Kxf8 58. Qg7+ Ke8 59. Qg8+
Ke7 60. Qxh7+ Kf6 61. Qg7+ Kf5 62. h7 Qxe2+ 63. Kg1 Qd1+ 64. Kh2 Qh5+ 65. Kg1
Qd1+ 66. Kh2 Qh5+ 67. Kg1 Qd1+ 68. Kh2 Qh5+ 1/2-1/2

[Event "21st ch-EUR Indiv w 2021"]
[Site "Iasi ROU"]
[Date "2021.08.11"]
[Round "3.14"]
[White "Buksa, Nataliya"]
[Black "Beydullayeva, Govhar"]
[Result "1/2-1/2"]
[WhiteTitle "IM"]
[BlackTitle "WIM"]
[WhiteElo "2413"]
[BlackElo "2282"]
[WhiteFideId "14123622"]
[BlackFideId "13413015"]
[EventDate "2021.08.09"]

1. e4 c5 2. b3 d6 3. Bb2 Nf6 4. Nc3 Nc6 5. Bb5 Bd7 6. f4 g6 7. Nd5 Bg7 8. Nxf6+
Bxf6 9. Bxf6 exf6 10. Nf3 O-O 11. O-O a6 12. Bc4 f5 13. Bd5 Qf6 14. e5 dxe5 15.
Bxc6 Bxc6 16. Nxe5 Rad8 17. a4 Bd5 18. a5 Qd6 19. d3 Rfe8 20. Qd2 Re7 21. Rae1
Rde8 22. h3 Qc7 23. Kf2 Re6 24. Nf3 Bxf3 25. Kxf3 Qd8 26. Rxe6 Rxe6 27. Re1 Qd5+
28. Kg3 Qd4 29. Kf3 Qd5+ 30. Kg3 Qd4 31. Kf3 Qd5+ 1/2-1/2

[Event "21st ch-EUR Indiv w 2021"]
[Site "Iasi ROU"]
[Date "2021.08.11"]
[Round "3.15"]
[White "Maltsevskaya, Aleksandra"]
[Black "Grigorieva, Yulia"]
[Result "1-0"]
[WhiteTitle "WGM"]
[BlackTitle "WFM"]
[WhiteElo "2409"]
[BlackElo "2140"]
[WhiteFideId "24174041"]
[BlackFideId "34104868"]
[EventDate "2021.08.09"]

1. Nf3 Nf6 2. c4 e6 3. g3 d5 4. Bg2 c6 5. b3 Be7 6. O-O O-O 7. Bb2 b6 8. d3 Bb7
9. Nbd2 Nbd7 10. e4 dxe4 11. dxe4 Nc5 12. e5 Ng4 13. Bd4 Nh6 14. Qc2 Nf5 15. Bc3
Qd3 16. Qb2 Rad8 17. Rfe1 Qd7 18. Re2 h5 19. Ne4 Nxe4 20. Rxe4 c5 21. Re2 h4 22.
Rd2 Qc8 23. g4 Qa8 24. gxf5 Bxf3 25. f6 Bxf6 26. exf6 Qe4 27. Bxf3 Qxf3 28. h3
g5 29. Rad1 Qxd1+ 30. Rxd1 Rxd1+ 31. Kh2 Rfd8 32. Qe2 R8d3 33. Qh5 g4 34. Qxg4+
Kf8 35. Qg7+ Ke8 36. Qg8+ Kd7 37. Qxf7+ Kc6 38. Be5 Rd7 39. Qxe6+ Kb7 40. f7 1-0

[Event "21st ch-EUR Indiv w 2021"]
[Site "Iasi ROU"]
[Date "2021.08.11"]
[Round "3.16"]
[White "Schulze, Lara"]
[Black "Daulyte-Cornette, Deimante"]
[Result "1/2-1/2"]
[WhiteTitle "FM"]
[BlackTitle "IM"]
[WhiteElo "2269"]
[BlackElo "2408"]
[WhiteFideId "12956830"]
[BlackFideId "12802859"]
[EventDate "2021.08.09"]

1. e4 e5 2. Nf3 Nc6 3. d4 exd4 4. Nxd4 Nf6 5. Nxc6 bxc6 6. e5 Qe7 7. Qe2 Nd5 8.
c4 Nb6 9. Nc3 Qe6 10. f4 Ba6 11. b3 Bb4 12. Bb2 Qf5 13. Qe3 Qc2 14. Qd2 Qxd2+
15. Kxd2 d5 16. exd6 O-O-O 17. Kc2 cxd6 18. a3 Bxc3 19. Bxc3 f6 20. Bd3 d5 21.
Bf5+ Kb7 22. c5 d4 23. cxb6 dxc3 24. Kxc3 g6 25. Bc2 axb6 26. Rae1 Rhe8 27. h4
Be2 28. Rh3 f5 29. Bd3 Bxd3 30. Rxe8 Rxe8 31. Rxd3 Kc7 32. a4 1/2-1/2

[Event "21st ch-EUR Indiv w 2021"]
[Site "Iasi ROU"]
[Date "2021.08.11"]
[Round "3.17"]
[White "Abdulla, Khayala"]
[Black "Socko, Monika"]
[Result "0-1"]
[WhiteTitle "WGM"]
[BlackTitle "GM"]
[WhiteElo "2264"]
[BlackElo "2393"]
[WhiteFideId "13401807"]
[BlackFideId "1106619"]
[EventDate "2021.08.09"]

1. e4 e6 2. d4 d5 3. Nc3 Nf6 4. Bg5 dxe4 5. Nxe4 Be7 6. Bxf6 gxf6 7. Nf3 f5 8.
Nc3 a6 9. g3 b5 10. Bg2 Bb7 11. O-O c5 12. dxc5 Qxd1 13. Raxd1 Bxc5 14. Ne5 Ra7
15. Bxb7 Rxb7 16. Ne2 Ke7 17. Rd2 Kf6 18. Nd3 Rd7 19. Nef4 Nc6 20. Nh5+ Ke7 21.
Rdd1 Rhd8 22. Ra1 Bb6 23. a4 b4 24. a5 Bxa5 25. Ra4 b3 26. Nc5 bxc2 27. Nxd7
Rxd7 28. Rc4 Nd4 29. Kg2 Bd2 30. Nf4 c1=Q 31. Rfxc1 Bxc1 32. Rxc1 e5 33. Nh5 f6
34. Rc8 Kf7 35. h3 Ne6 36. Rc6 a5 37. Ra6 Rd5 38. g4 fxg4 39. hxg4 Rb5 40. Ra7+
Kg6 41. Ra6 Nf4+ 42. Nxf4+ exf4 43. Ra7 h5 44. gxh5+ Kxh5 45. Kf3 Kg5 46. Ra8
Kf5 47. Ra7 Ke5 48. Re7+ Kd5 49. Rd7+ Kc5 50. Rd2 Rb4 51. Kg4 a4 52. f3 Rd4 53.
Rc2+ Kb4 54. Re2 Kb3 55. Kf5 Rc4 56. Kxf6 Rc2 57. Re4 Rxb2 58. Rxf4 a3 59. Rf5
a2 60. Ra5 Rf2 61. Ke5 Rxf3 62. Ra8 Rf1 0-1

[Event "21st ch-EUR Indiv w 2021"]
[Site "Iasi ROU"]
[Date "2021.08.11"]
[Round "3.18"]
[White "Ilyuchyk, Yana"]
[Black "Mkrtchian, Lilit"]
[Result "1-0"]
[WhiteTitle "WFM"]
[BlackTitle "IM"]
[WhiteElo "2097"]
[BlackElo "2388"]
[WhiteFideId "13508407"]
[BlackFideId "13300601"]
[EventDate "2021.08.09"]

1. e4 e5 2. Nf3 Nc6 3. Nc3 Nf6 4. a4 g6 5. Bc4 Bg7 6. d3 h6 7. h3 d6 8. Be3 Be6
9. Bxe6 fxe6 10. g4 d5 11. g5 hxg5 12. Bxg5 Qd7 13. b4 Nh7 14. b5 Nxg5 15. Nxg5
Nd4 16. Ne2 Rh5 17. Nxd4 Rxg5 18. Nb3 dxe4 19. Nc5 Qe7 20. Nxe4 Rf5 21. Qg4 g5
22. h4 gxh4 23. Qxh4 Qxh4 24. Rxh4 Bf8 25. Ke2 a6 26. c4 axb5 27. cxb5 b6 28.
Rc1 Kd7 29. Rh7+ Be7 30. Rg1 Re8 31. Rgg7 Kd8 32. Rg6 Ba3 33. Ng5 Bc5 34. Nxe6+
Rxe6 35. Rxe6 Rxf2+ 36. Ke1 Ra2 37. Rg6 Ra1+ 38. Ke2 Ra2+ 39. Kf3 Rf2+ 40. Ke4 1-0

[Event "21st ch-EUR Indiv w 2021"]
[Site "Iasi ROU"]
[Date "2021.08.11"]
[Round "3.19"]
[White "Garifullina, Leya"]
[Black "Nastase, Andreea-Cristina"]
[Result "1-0"]
[WhiteTitle "WGM"]
[BlackTitle "WFM"]
[WhiteElo "2385"]
[BlackElo "2074"]
[WhiteFideId "34127035"]
[BlackFideId "1221183"]
[EventDate "2021.08.09"]

1. e4 c5 2. Nf3 d6 3. d4 cxd4 4. Nxd4 Nf6 5. Nc3 a6 6. h3 e5 7. Nde2 h5 8. g3
Be7 9. Bg2 Be6 10. a4 b6 11. O-O Nbd7 12. Be3 Rb8 13. b3 Qc8 14. f4 Nf8 15. f5
Bd7 16. Qd3 Bc6 17. b4 N8d7 18. Nd5 Bxd5 19. exd5 e4 20. Qb3 Ne5 21. Nc3 Qc4 22.
Qxc4 Nxc4 23. Bf4 Kd7 24. Nxe4 Nxd5 25. Nc5+ dxc5 26. Bxd5 Nd6 27. b5 Bf6 28.
Bc6+ Kc7 29. Rad1 Bd4+ 30. Kg2 axb5 31. axb5 Rbd8 32. Rfe1 Bf6 33. Re3 g5 34.
fxg6 fxg6 35. Re6 1-0

[Event "21st ch-EUR Indiv w 2021"]
[Site "Iasi ROU"]
[Date "2021.08.11"]
[Round "3.20"]
[White "Fataliyeva, Ulviyya"]
[Black "Salimova, Nurgyul"]
[Result "1/2-1/2"]
[WhiteTitle "WGM"]
[BlackTitle "IM"]
[WhiteElo "2253"]
[BlackElo "2382"]
[WhiteFideId "13403052"]
[BlackFideId "2915138"]
[EventDate "2021.08.09"]

1. e4 e5 2. Nf3 Nc6 3. Bb5 a6 4. Ba4 Nf6 5. O-O Be7 6. Re1 b5 7. Bb3 d6 8. a4 b4
9. c3 O-O 10. d4 bxc3 11. bxc3 Bg4 12. d5 Na5 13. Bc2 c6 14. h3 Bc8 15. dxc6 Qc7
16. Ba3 Nc4 17. Bb4 a5 18. Bb3 Ba6 19. Ba3 Ra7 20. Bxc4 Bxc4 21. Nfd2 Qxc6 22.
Nxc4 Qxc4 23. Bxd6 Rd8 24. Nd2 Qxc3 25. Rc1 Qd4 26. Bxe7 Rxe7 27. Nc4 h6 28. Qe2
Qa7 29. Qf3 Qa6 30. Ne3 g6 31. Rc5 Re6 32. Rec1 Kg7 33. Rc7 Rd7 34. Nd5 Qd6 35.
Rxd7 Qxd7 36. Rc4 Nxd5 37. exd5 Rd6 38. Rc5 Qxa4 39. Kh2 Qf4+ 40. Qxf4 exf4 41.
Rxa5 Kf6 42. g3 fxg3+ 43. Kxg3 Ke5 44. f4+ Ke4 45. Ra7 f5 46. Rh7 Kxd5 47. Rxh6
Ke4 48. h4 Rd3+ 49. Kg2 Rd2+ 50. Kh3 Rd6 51. Kg3 Rd3+ 52. Kg2 Kxf4 53. Rxg6 Rd2+
54. Kg1 Kf3 55. h5 f4 1/2-1/2

[Event "21st ch-EUR Indiv w 2021"]
[Site "Iasi ROU"]
[Date "2021.08.11"]
[Round "3.21"]
[White "Brunello, Marina"]
[Black "Petrenko, Svetlana"]
[Result "1-0"]
[WhiteTitle "IM"]
[BlackTitle "IM"]
[WhiteElo "2379"]
[BlackElo "2018"]
[WhiteFideId "822590"]
[BlackFideId "13900196"]
[EventDate "2021.08.09"]

1. e4 c5 2. Nf3 e6 3. d4 cxd4 4. Nxd4 a6 5. Nc3 Qc7 6. Be2 Nf6 7. O-O b5 8. Bf3
Nc6 9. e5 Ng8 10. Bf4 Bb7 11. Nxc6 Bxc6 12. Ne4 Bxe4 13. Bxe4 Rd8 14. a4 b4 15.
a5 Ne7 16. Qd3 Ng6 17. Bg3 Qa7 18. h4 Bc5 19. c3 bxc3 20. bxc3 Ne7 21. h5 h6 22.
Qf3 O-O 23. Bh4 d5 24. Bc2 d4 25. Qg3 Kh8 26. Bf6 gxf6 27. exf6 Rg8 28. Qf4 Rg5
29. fxe7 Qxe7 30. cxd4 Rxd4 31. Qf3 Rdg4 32. Be4 f5 33. Qc3+ Qg7 34. Qxg7+ Rxg7
35. Bf3 Rf4 36. Rac1 Bb4 37. Rc8+ Kh7 38. Rb1 Re7 39. Be2 Bxa5 40. Rbb8 Kg7 41.
Rg8+ Kf6 42. Rg6+ Ke5 43. Bxa6 Be1 44. Rb2 Bc3 45. Re2+ Re4 46. Rxh6 Rxe2 47.
Bxe2 Rc7 48. Rg6 Bd2 49. g3 Kd5 50. Kg2 Bc1 51. Bd1 Kd6 52. Bb3 Re7 53. h6 Bb2
54. Kh3 Kd7 55. Kh4 Bd4 56. f3 e5 57. Rf6 e4 58. Rxf5 e3 59. Bc4 Bc3 60. Be2 Ke6
61. Rb5 Rc7 62. Kg5 Be5 63. f4 Bd4 64. Kg6 Rc2 65. f5+ Kd6 66. Bf3 Ba1 67. Rb6+
Kd7 68. Re6 Bd4 69. h7 Rh2 70. Re4 1-0

[Event "21st ch-EUR Indiv w 2021"]
[Site "Iasi ROU"]
[Date "2021.08.11"]
[Round "3.22"]
[White "Zherebtsova, Alexandra"]
[Black "Efroimski, Marsel"]
[Result "0-1"]
[WhiteTitle "WFM"]
[BlackTitle "IM"]
[WhiteElo "2188"]
[BlackElo "2446"]
[WhiteFideId "24129518"]
[BlackFideId "2810964"]
[EventDate "2021.08.09"]

1. d4 e6 2. g3 c5 3. Nf3 cxd4 4. Nxd4 d5 5. Bg2 Nf6 6. O-O e5 7. Nb3 Be6 8. Bg5
Nbd7 9. e4 dxe4 10. Nc3 Be7 11. Nxe4 Qc7 12. Nxf6+ Nxf6 13. Re1 h6 14. Bd2 Rd8
15. Qe2 Nd7 16. Bc3 b6 17. Kh1 O-O 18. f4 exf4 19. Nd4 Bf6 20. Nxe6 fxe6 21.
Qxe6+ Kh8 22. gxf4 Bxc3 23. bxc3 Qxc3 24. Rad1 Nf6 25. Qb3 Qc5 26. h3 Qf2 27.
Qa4 Nh5 28. Rg1 Ng3+ 29. Kh2 Ne2 30. Rgf1 Qg3+ 31. Kh1 Nxf4 32. Qc6 Rxd1 33.
Rxd1 Nxh3 34. Qd6 Rf1+ 35. Rxf1 Qxd6 36. Bxh3 Qd5+ 37. Bg2 Qh5+ 38. Kg1 Qc5+ 39.
Rf2 g5 0-1

[Event "21st ch-EUR Indiv w 2021"]
[Site "Iasi ROU"]
[Date "2021.08.11"]
[Round "3.23"]
[White "Gvanceladze, Anna"]
[Black "Milliet, Sophie"]
[Result "0-1"]
[WhiteTitle "WFM"]
[BlackTitle "IM"]
[WhiteElo "2182"]
[BlackElo "2403"]
[WhiteFideId "4113721"]
[BlackFideId "623725"]
[EventDate "2021.08.09"]

1. d4 Nf6 2. Nf3 e6 3. c4 Bb4+ 4. Nbd2 a5 5. a3 Be7 6. e4 d5 7. e5 Nfd7 8. Bd3
c5 9. Qc2 Nc6 10. cxd5 exd5 11. e6 fxe6 12. Bxh7 cxd4 13. Nb3 Bf6 14. O-O a4 15.
Bg6+ Kf8 16. Nc5 Nxc5 17. Qxc5+ Qe7 18. Qc2 e5 19. Re1 Bg4 20. Bf4 Bxf3 21. gxf3
Kg8 22. Rac1 Bg5 23. Bd2 Bxd2 24. Qxd2 Qh4 25. Bf5 Qxh2+ 26. Kf1 Rh6 27. Qg5 Rf8
28. Ke2 d3+ 29. Kxd3 Qxf2 30. Rxc6 Rxc6 31. Rxe5 Qc2+ 32. Kd4 Qc4+ 33. Ke3 Qc1+
34. Kf2 Qxg5 0-1

[Event "21st ch-EUR Indiv w 2021"]
[Site "Iasi ROU"]
[Date "2021.08.11"]
[Round "3.24"]
[White "Rozman, Monika"]
[Black "Peycheva, Gergana"]
[Result "1-0"]
[WhiteTitle "WFM"]
[BlackTitle "FM"]
[WhiteElo "2122"]
[BlackElo "2332"]
[WhiteFideId "14609118"]
[BlackFideId "2916711"]
[EventDate "2021.08.09"]

1. e4 c5 2. Nf3 g6 3. d4 cxd4 4. Nxd4 Nc6 5. c4 Nf6 6. Nc3 d6 7. Be2 Nxd4 8.
Qxd4 Bg7 9. Be3 O-O 10. Qd2 a5 11. O-O a4 12. Rad1 Qa5 13. Bd4 Be6 14. f4 Rfc8
15. b3 axb3 16. axb3 b5 17. f5 b4 18. fxe6 bxc3 19. exf7+ Kxf7 20. Bxc3 Qb6+ 21.
Kh1 Qxb3 22. Qd5+ Kf8 23. Bxf6 Bxf6 24. e5 dxe5 25. Qe6 Kg7 26. Rf3 Qc2 27. Rxf6
Qxe2 28. Rf7+ Kh6 29. Rdf1 Rxc4 30. Qxe7 Rh8 31. R7f3 Rc3 32. Qh4+ Kg7 33. Rf7+ 1-0

[Event "21st ch-EUR Indiv w 2021"]
[Site "Iasi ROU"]
[Date "2021.08.11"]
[Round "3.25"]
[White "Allahverdiyeva, Ayan"]
[Black "Chernyak, Viktoria"]
[Result "0-1"]
[WhiteTitle "WFM"]
[BlackTitle "WGM"]
[WhiteElo "2095"]
[BlackElo "2319"]
[WhiteFideId "13412590"]
[BlackFideId "24165956"]
[EventDate "2021.08.09"]

1. e4 c6 2. d4 d5 3. e5 Bf5 4. Nf3 e6 5. Be2 Nd7 6. O-O a6 7. Nbd2 h6 8. Nb3 c5
9. dxc5 Bxc5 10. Nxc5 Nxc5 11. a4 Rc8 12. Nd4 Ne7 13. f3 Qc7 14. Re1 O-O 15. Kh1
Bh7 16. Bf4 Nc6 17. Ra3 Qb6 18. Nxc6 Rxc6 19. Bc1 Nxa4 20. Rxa4 Bxc2 21. Qd4
Bxa4 22. Qxa4 Rfc8 23. Qa1 Qd4 24. Qb1 Rc2 25. Bf1 Qb4 26. Rd1 Qb3 27. Re1 a5
28. h3 a4 29. Qa1 b5 30. Kh2 Qb4 31. Rd1 Rxc1 32. Rxc1 Qf4+ 33. Kg1 Rxc1 0-1

[Event "21st ch-EUR Indiv w 2021"]
[Site "Iasi ROU"]
[Date "2021.08.11"]
[Round "3.26"]
[White "Calzetta Ruiz, Monica"]
[Black "Toncheva, Nadya"]
[Result "0-1"]
[WhiteTitle "WGM"]
[BlackTitle "FM"]
[WhiteElo "2306"]
[BlackElo "2156"]
[WhiteFideId "2204185"]
[BlackFideId "2924056"]
[EventDate "2021.08.09"]

1. c4 c5 2. Nc3 Nc6 3. g3 g6 4. Bg2 Bg7 5. Nf3 e6 6. d4 cxd4 7. Nb5 d5 8. cxd5
Qa5+ 9. Nd2 Qxb5 10. a4 Qb4 11. dxc6 Ne7 12. b3 Nxc6 13. Ba3 Qa5 14. O-O Bf8 15.
Nc4 Qd8 16. Bxc6+ bxc6 17. Nd6+ Bxd6 18. Qxd4 Bxa3 19. Qxh8+ Bf8 20. Rfd1 Qe7
21. Rd2 e5 22. Rad1 Bf5 23. Qxh7 Qf6 24. Qg8 Qg7 25. Qxg7 Bxg7 26. Rc1 Bh6 27.
e3 Be4 28. Rc4 Bd5 29. Rb4 Bf8 30. Rb7 O-O-O 31. Rxa7 Bb4 32. Rd1 Rd6 33. a5 Kb8
34. Ra6 Kc8 35. h4 Bc5 36. Ra8+ Kb7 37. Re8 Bxb3 38. Rb1 Rd1+ 39. Rxd1 Bxd1 40.
Rxe5 Bd6 41. Re8 Bf3 42. Rd8 Kc7 43. Rh8 c5 44. a6 c4 45. a7 c3 46. a8=Q Bxa8
47. Rxa8 c2 48. Ra1 Ba3 49. g4 c1=Q+ 50. Rxc1+ Bxc1 51. Kg2 Kd6 52. Kf3 Ke5 53.
Ke2 Ba3 54. Kd3 Be7 55. f4+ Ke6 56. h5 gxh5 57. gxh5 Kf5 58. Kd4 Bf6+ 59. Kd5
Kg4 60. h6 Kf3 61. Kd6 Kxe3 62. Kd7 Bh8 63. f5 Kf4 64. Ke7 f6 65. Kf7 Kg5 66. h7
Kh6 67. Kg8 Bg7 0-1

[Event "21st ch-EUR Indiv w 2021"]
[Site "Iasi ROU"]
[Date "2021.08.11"]
[Round "3.27"]
[White "Kiolbasa, Oliwia"]
[Black "Petrova, Irina"]
[Result "1-0"]
[WhiteTitle "WIM"]
[BlackTitle "WIM"]
[WhiteElo "2288"]
[BlackElo "2110"]
[WhiteFideId "1154613"]
[BlackFideId "14124122"]
[EventDate "2021.08.09"]

1. e4 d6 2. d4 Nf6 3. Nc3 e5 4. Nge2 Nc6 5. d5 Ne7 6. Bg5 Ng6 7. Ng3 Be7 8. Nf5
O-O 9. h4 h6 10. g3 Nh7 11. Bd2 Bf6 12. Qf3 Ne7 13. Ne3 c6 14. O-O-O cxd5 15.
exd5 g6 16. Ne4 Bg7 17. Bb4 a5 18. Bxd6 f5 19. Bxe7 Qxe7 20. d6 Qd8 21. Nc5 e4
22. Qe2 b6 23. Qc4+ Kh8 24. Ne6 Bxe6 25. Qxe6 a4 26. a3 Ra5 27. Nd5 Rc5 28. d7
Nf6 29. Nf4 Kh7 30. Qd6 Nxd7 31. Qxg6+ Kh8 32. Ne6 Qf6 33. Qxg7+ Qxg7 34. Nxg7
Rfc8 35. c3 Nf8 36. Nh5 Ne6 37. Rd6 R5c6 38. Rxc6 Rxc6 39. Bb5 1-0

[Event "21st ch-EUR Indiv w 2021"]
[Site "Iasi ROU"]
[Date "2021.08.11"]
[Round "3.28"]
[White "Narva, Mai"]
[Black "Narva, Triin"]
[Result "1-0"]
[WhiteTitle "WIM"]
[BlackTitle "WFM"]
[WhiteElo "2276"]
[BlackElo "2100"]
[WhiteFideId "4500512"]
[BlackFideId "4502680"]
[EventDate "2021.08.09"]

1. e4 d5 2. exd5 Qxd5 3. Nc3 Qd6 4. d4 Nf6 5. Nf3 c6 6. h3 Bf5 7. Bc4 Nbd7 8.
O-O e6 9. Qe2 Be7 10. Bg5 Nb6 11. Bb3 a5 12. a4 Nfd5 13. Ne4 Bxe4 14. Qxe4 Bxg5
15. Nxg5 Qf4 16. Qxf4 Nxf4 17. Rad1 h6 18. Nf3 O-O 19. Ne5 Rfd8 20. Rfe1 f6 21.
Nd3 Nxd3 22. Rxd3 Rd6 23. Rxe6 Rxe6 24. Bxe6+ Kf8 25. b3 Rd8 26. c3 Rd6 27. Bf5
Kf7 28. Rg3 Nd5 29. Bg6+ Kf8 30. Kf1 Nf4 31. Be4 Kf7 32. h4 b6 33. Rf3 Ne6 34.
h5 Ke7 35. Re3 Kf8 36. Bf5 Nc7 37. Bg6 Rd8 38. Re4 Nd5 39. c4 Ne7 40. g4 Rb8 41.
Ke2 b5 42. axb5 cxb5 43. d5 Rd8 44. Kd3 Nc6 45. f4 a4 46. bxa4 bxc4+ 47. Kxc4
Ne7 48. a5 Rc8+ 49. Kb5 Nxd5 50. a6 Nc7+ 51. Kb6 Nxa6 52. Kxa6 Rd8 53. Kb7 Rd7+
54. Kc8 1-0

[Event "21st ch-EUR Indiv w 2021"]
[Site "Iasi ROU"]
[Date "2021.08.11"]
[Round "3.29"]
[White "Nilssen, Ellen Fredericia"]
[Black "Mamedjarova, Zeinab"]
[Result "1-0"]
[WhiteTitle "WFM"]
[BlackTitle "WGM"]
[WhiteElo "2081"]
[BlackElo "2272"]
[WhiteFideId "1441230"]
[BlackFideId "13401521"]
[EventDate "2021.08.09"]

1. d4 Nf6 2. c4 e6 3. Nc3 Bb4 4. e3 O-O 5. Bd2 d5 6. Nf3 c5 7. a3 Bxc3 8. Bxc3
Ne4 9. Rc1 Nxc3 10. Rxc3 cxd4 11. Nxd4 dxc4 12. Bxc4 Qe7 13. O-O a6 14. Qc2 e5
15. Nb3 Nd7 16. Bd5 Nf6 17. Rc7 Qd6 18. Bxf7+ Kh8 19. Rd1 Bf5 20. Rxd6 Bxc2 21.
Na5 Be4 22. f3 Rac8 23. Rxc8 Rxc8 24. Be6 Ne8 25. Rd1 Bc2 26. Rd2 Rc7 27. Rd8
Bg6 28. Bd7 Rc1+ 29. Kf2 Rd1 30. Nxb7 Bf7 31. b4 g5 32. Bxe8 Rxd8 33. Nxd8 Bxe8
34. Ne6 h6 35. Nc7 1-0

[Event "21st ch-EUR Indiv w 2021"]
[Site "Iasi ROU"]
[Date "2021.08.11"]
[Round "3.30"]
[White "Schloffer, Jasmin-Denise"]
[Black "Lehaci, Miruna-Daria"]
[Result "1/2-1/2"]
[WhiteTitle "WFM"]
[BlackTitle "WFM"]
[WhiteElo "2070"]
[BlackElo "2267"]
[WhiteFideId "1631209"]
[BlackFideId "1234765"]
[EventDate "2021.08.09"]

1. d4 d5 2. c4 e6 3. Nc3 a6 4. cxd5 exd5 5. Nf3 c6 6. Qc2 Bd6 7. Bg5 f6 8. Bh4
Ne7 9. e3 Bf5 10. Bd3 Bxd3 11. Qxd3 Nd7 12. O-O-O Qc7 13. Kb1 O-O-O 14. Rc1 h5
15. Bg3 g5 16. Na4 h4 17. Bxd6 Qxd6 18. h3 Kb8 19. Nd2 Nc8 20. Nb3 Qe7 21. Ka1
Ncb6 22. Nxb6 Nxb6 23. Nc5 Ka7 24. Rc3 Nd7 25. b4 Nxc5 26. bxc5 Rd7 27. Rb1 Rf8
28. Ra3 f5 29. Rb6 Ka8 30. Rab3 Rc7 31. f3 Qd7 32. Rb1 Rg8 33. Qe2 Ka7 34. Qb2
Qc8 35. Qf2 Re8 36. Qd2 Ree7 37. R1b3 Qe8 38. Qb4 Qc8 39. Qd2 g4 40. fxg4 fxg4
41. hxg4 Qxg4 42. Rb1 Rg7 43. Qa5 Qc8 44. R6b2 Rg3 45. Rh1 Rh7 46. Re2 Rg4 47.
Qb6+ Ka8 48. Rf1 Re4 49. Rf3 Rhe7 50. Qb2 Qd8 51. Qd2 Ka7 52. Ref2 Qc7 53. Re2
Re8 54. Ref2 Ka8 55. Rf8 Ka7 56. Rxe8 Rxe8 57. Re2 Ka8 58. Rf2 Qe7 59. Re2 Kb8
60. Kb2 Qg5 61. Ka1 Qg3 62. Kb2 Qg4 63. Kc1 Qe4 64. Qc2 Kc7 65. Qxe4 Rxe4 66.
Kd1 b6 67. cxb6+ Kxb6 68. Rb2+ Kc7 69. Ke2 a5 70. Kf3 Re8 71. Kf4 Re4+ 72. Kf3
Re8 73. Kf4 Re4+ 74. Kf3 1/2-1/2

[Event "21st ch-EUR Indiv w 2021"]
[Site "Iasi ROU"]
[Date "2021.08.11"]
[Round "3.31"]
[White "Muetsch, Annmarie"]
[Black "Mkrtchyan, Mariam"]
[Result "1-0"]
[WhiteTitle "WIM"]
[BlackTitle "WFM"]
[WhiteElo "2259"]
[BlackElo "2093"]
[WhiteFideId "12971367"]
[BlackFideId "13310828"]
[EventDate "2021.08.09"]

1. e4 c6 2. Ne2 d5 3. e5 Bf5 4. Ng3 Bg6 5. h4 h5 6. e6 fxe6 7. d4 Qd6 8. Bd3 Bf7
9. O-O Nd7 10. Re1 g6 11. Nd2 e5 12. dxe5 Nxe5 13. Nf3 Nxf3+ 14. Qxf3 Bh6 15.
Bg5 Bxg5 16. hxg5 h4 17. Nf1 Rh5 18. Qg4 Kf8 19. f4 c5 20. f5 gxf5 21. Bxf5 e5
22. Nh2 e4 23. Rf1 Kg7 24. Bxe4 Be8 25. Rad1 d4 26. Rd3 Rh8 27. Rf6 Qd7 28. Rg6+
Kf8 29. Rf3+ Qf7 30. Bd5 Qxf3 31. Qxf3+ Ke7 32. Rxg8 1-0

[Event "21st ch-EUR Indiv w 2021"]
[Site "Iasi ROU"]
[Date "2021.08.11"]
[Round "3.32"]
[White "Eric, Jovana"]
[Black "Tsirulnik, Maritsa"]
[Result "1-0"]
[WhiteTitle "WGM"]
[WhiteElo "2254"]
[BlackElo "2046"]
[WhiteFideId "938238"]
[BlackFideId "14118688"]
[EventDate "2021.08.09"]

1. e4 e5 2. Nf3 Nc6 3. Nc3 Nf6 4. Bb5 d6 5. O-O Be7 6. d4 exd4 7. Nxd4 Bd7 8.
Nde2 O-O 9. Ng3 Re8 10. h3 Bf8 11. Bg5 h6 12. Be3 Ne5 13. Be2 Bc6 14. Nd5 Ned7
15. Qd4 g6 16. c4 Bg7 17. Qd3 Nc5 18. Bxc5 dxc5 19. f4 a6 20. Rad1 b5 21. Qc2
bxc4 22. Nb6 Qe7 23. Nxa8 Nxe4 24. Nxe4 Bxe4 25. Qxc4 Bxa8 26. Bf3 Bxf3 27. Rxf3
Bxb2 28. f5 g5 29. Qxa6 Bd4+ 30. Kh1 Qd6 31. Qd3 Qb6 32. Rdf1 Qb2 33. a4 Re2 34.
Rg3 Qa2 35. f6 Rf2 36. h4 Be5 37. Rg4 Bxf6 38. hxg5 hxg5 39. Re1 Kg7 40. Qe3 Qd2
41. Qxd2 Rxd2 42. Rc1 Be5 43. Rgc4 Rd6 44. g4 Bd4 45. Kg2 Kf6 46. Re1 Ra6 47.
Re8 Rb6 48. Rc2 Ra6 49. Ra2 c4 50. Kf3 c5 51. Ke4 Rb6 52. a5 Rb1 53. Kd5 c3 54.
a6 c2 55. Rxc2 Ra1 56. Ra8 Bg1 57. Kc6 Ke5 58. a7 Bd4 59. Re8+ Kf4 60. a8=Q Rxa8
61. Rxa8 Kxg4 62. Rxc5 Bxc5 63. Kxc5 f5 64. Kd4 Kf3 65. Ra3+ Kf4 66. Ra1 g4 67.
Rf1+ Kg3 68. Ke3 Kh2 69. Rxf5 g3 70. Rg5 1-0

[Event "21st ch-EUR Indiv w 2021"]
[Site "Iasi ROU"]
[Date "2021.08.11"]
[Round "3.33"]
[White "Zeliantsova, Kseniya"]
[Black "Sieber, Fiona"]
[Result "1-0"]
[WhiteTitle "WFM"]
[BlackTitle "WIM"]
[WhiteElo "1970"]
[BlackElo "2254"]
[WhiteFideId "13512617"]
[BlackFideId "12902373"]
[EventDate "2021.08.09"]

1. e4 c5 2. Nf3 e6 3. Nc3 a6 4. g3 b5 5. Bg2 Bb7 6. d4 cxd4 7. Nxd4 Nf6 8. O-O
Qc7 9. Re1 d6 10. Bg5 Nbd7 11. Nd5 exd5 12. exd5+ Kd8 13. Qe2 Qc4 14. Qd2 Bxd5
15. Bf1 Qc5 16. b4 Qb6 17. Nxb5 Be7 18. Nd4 Ne5 19. Bg2 Qb7 20. Rxe5 dxe5 21.
Nf5 Qxb4 22. c3 Qb5 23. Bxf6 gxf6 24. Bxd5 Qd7 25. Rd1 Ra7 26. Qe2 Ke8 27. Bxf7+
Kxf7 28. Qh5+ Kf8 29. Rxd7 Rxd7 30. Ng7 Kxg7 31. Qg4+ Kf7 32. Qxd7 Rd8 33. Qb7
a5 34. c4 Rd1+ 35. Kg2 Rc1 36. Qb2 Re1 37. Qd2 Bb4 38. Qd5+ Kg7 39. c5 Re2 40.
c6 Rd2 41. Qxd2 1-0